00737nam a2200217Ii 45000010005000000030009000050080041000140400033000550410008000880820015000961000032001112450016001432640059001593000012002183360026002303370028002563380027002849400050003119990017003619520141003787267CO-ViMGA241108s9999||||xx |||||||||||||| ||und|| aCO-ViMGAbspaerdacCO-ViMGA0 aunk04a929.6-A7451 aAlejandro de Armegol95333710aHeráldica 1a[Lugar de publicación no identificado] : Labor, 1947 avolumen atextbtxt2rdacontent aunmediatedbn2rdamedia avolumebnc2rdacarrier aidficha_siabuc: 7097. -- ficha_no_siabuc:7267 c49918d49918 001040708001aMEVIGERRbMEVIGERRcGENd2006-11-27hVol.1o929.6-A745pECA7077r2024-11-26 10:01:29tEj.1w2024-11-26yBKz7097 | 9959